000 00621nam a2200217Ia 4500
003 OSt
005 20230613113256.0
008 210423s2017 xx 000 0 und d
020 _a978-93-86052-27-8
040 _cAL
041 _aeng
082 _a001.4225
_223
_bCHAR
100 _aCHAUHAN (Ajay Kumar)
_983743
245 _aResearch analytics: a practical approach to data analysis
260 _aNew Delhi
_bDreamtech Press
_c2017
300 _axviii,413
_bPB
365 _b529
_cINR
650 _aResearch
_983744
906 _aanalysis ; analytics: ; approach ; data ; practical ; Research
942 _2ddc
_cBK
999 _c169226
_d169226